Decreta authentica sacrae rituum congregationis notis illustrata ad SS. D. N. Papam Benedictum XIV

Detalles Bibliográficos
Autores Corporativos: Iglesia Católica, Sagrada Congregación de Ritos
Formato: Libro
Lenguaje:Latin
Publicado: Venetiis : typis Dominici Lovisa, 1750.
Materias:
Colección:Banco de datos
Acervo:Universidad Autónoma Benito Juárez de Oaxaca. Biblioteca Francisco de Burgoa. Colección antigua
Descripción Física:[8] h., 292 p., [26] h. ; 8°
Tema general:Derecho eclesiástico
Notas:Portada tipográfica a dos tintas con viñeta en grabado xilográfico. Texto a renglón seguido con paginación en números arábigos, notas a pie de página, reclamos y signaturas. Encuadernación en pergamino. Marca de fuego: Casa del Noviciado de la Compañía de Jesús de Oaxaca, Oax. Ex libris manuscrito en la guarda anterior: ilegible. Anotación manuscrita al final del índice de cosas. Daños en la encuadernación, tapas desprendidas
LEADER 01242nam a22001930004500
035 |a 3365 
041 0 |a lat 
110 1 |a Iglesia Católica 
245 1 0 |a Decreta authentica sacrae rituum congregationis notis illustrata ad SS. D. N. Papam Benedictum XIV 
260 |a Venetiis : typis Dominici Lovisa, 1750. 
300 |a [8] h., 292 p., [26] h. ; 8° 
500 |a Portada tipográfica a dos tintas con viñeta en grabado xilográfico. Texto a renglón seguido con paginación en números arábigos, notas a pie de página, reclamos y signaturas. Encuadernación en pergamino. Marca de fuego: Casa del Noviciado de la Compañía de Jesús de Oaxaca, Oax. Ex libris manuscrito en la guarda anterior: ilegible. Anotación manuscrita al final del índice de cosas. Daños en la encuadernación, tapas desprendidas 
504 |a Al final de la obra están el índice de cosas y la fe de erratas  
650 1 0 |a Derecho eclesiástico 
710 1 |a Sagrada Congregación de Ritos 
852 |a Universidad Autónoma "Benito Juárez" de Oaxaca, Biblioteca Francisco de Burgoa, Colección antigua 9959 
942 |c BURANT 
943 |g Universidad Autónoma Benito Juárez de Oaxaca. Biblioteca Francisco de Burgoa. Colección antigua 
999 |c 1114376  |d 1114376